000 00866nas a2200277 4500
001 BR0202035
003 BR-BrBNA
005 20231205102902.0
007 ta
008 230509b bl.|||p| |||| 00| 00por d
040 _aBR-BrBNA
_bpor
_cBiblioteca Nacional de Agricultura
041 _a(Pt)
072 _aP33
100 1 _aPruski, F.F.
100 1 _aRodrigues, L.N.
100 1 _aSilva, D.D. da
245 1 _aModelo hidrológico para estimativa do escoamento superficial em áreas agrícolas
650 _aSOLO
650 _aÁGUA DO SOLO
650 _aPOROSIDADE
650 _aCONDUTIVIDADE HIDRÁULICA
650 _aMODELO MATEMÁTICO
773 0 _tRevista Brasileira de Engenharia Agrícola e Ambiental (Brazil)
_xISSN 1415-4366
_g(May-Aug 2001), v. 5(2) p. 301-307
_wBR0202035
909 _a202311
_bLúcia
_c55
_dLúcia Elande
942 _2AGRIS
_n0
_cANA
999 _c169887
_d169887